000
00249nam a2200109Ia 4500
008
190216s9999||||xx |||||||||||||| ||und||
100
_a
Aseesudheen Ahamed
245
0
_a
Ethu Margam
260
_b
I P H Publications
650
_a
Padanam
942
_c
BK
999
_c
25523
_d
25523